000363373 001__ 363373
000363373 005__ 20251222230926.0
000363373 037__ $$aGSI-2025-01387
000363373 1001_ $$0P:(DE-HGF)0$$aMorton-Blake, Iwan$$b0$$eCorresponding author
000363373 245__ $$aJUNO: An overview and recent results
000363373 260__ $$c2025
000363373 3367_ $$2DataCite$$aText
000363373 3367_ $$0PUB:(DE-HGF)4$$2PUB:(DE-HGF)$$aCommunication$$bcomm$$mcomm$$s1766399123_1041001
000363373 3367_ $$2BibTeX$$aMISC
000363373 3367_ $$2ORCID$$aOTHER
000363373 3367_ $$2DINI$$aOther
000363373 3367_ $$04$$2EndNote$$aPersonal Communication
000363373 500__ $$aIt is given on CERN Neutrino Platform and EuCAPT fast response workshop, a very important event where JUNO's new results are presented. Though the speaker is not member of GSI, it is a milestone of JUNO.
000363373 536__ $$0G:(DE-HGF)POF4-612$$a612 - Cosmic Matter in the Laboratory (POF4-612)$$cPOF4-612$$fPOF IV$$x0
000363373 693__ $$0EXP:(DE-Ds200)JUNO-2022$$1EXP:(DE-Ds200)JUNO-2022$$aJUNO Experiment at Jiangmen Underground Neutrino Observatory in China ( - ; other)$$x0
000363373 909CO $$ooai:repository.gsi.de:363373$$pVDB
000363373 9131_ $$0G:(DE-HGF)POF4-612$$1G:(DE-HGF)POF4-610$$2G:(DE-HGF)POF4-600$$3G:(DE-HGF)POF4$$4G:(DE-HGF)POF$$aDE-HGF$$bForschungsbereich Materie$$lMatter and the Universe$$vCosmic Matter in the Laboratory$$x0
000363373 9141_ $$y2025
000363373 920__ $$lno
000363373 9201_ $$0I:(DE-Ds200)FFN-20210302OR452$$kFFN$$lFAIR Forschung NRW$$x0
000363373 980__ $$acomm
000363373 980__ $$aVDB
000363373 980__ $$aI:(DE-Ds200)FFN-20210302OR452
000363373 980__ $$aUNRESTRICTED